| 000 | 01530nam0a2200337 4500 | ||
|---|---|---|---|
| 001 | RU\NLR\bibl\39712 | ||
| 005 | 20250615025443.0 | ||
| 010 |
_a5-7045-0174-5 _9100 |
||
| 021 |
_aRU _b99-9523 _9460 |
||
| 035 | _a(NLR Aleph) 000038722 | ||
| 090 |
_a200762 _c200762 |
||
| 100 | _a19990722d1999 |||y0rusy50 ca | ||
| 101 | 0 | _arus | |
| 102 | _aRU | ||
| 105 | _aa ||||||||| | ||
| 200 | 1 |
_aПрогнозирование и принципы профилактики аллергических заболеваний у детей _eУчеб.-метод. пособие _fА.Н. Галустян, Д.С. Коростовцев, И.В. Макарова _gМ-во здровоохранения Рос. Федерации, С.-Петерб. гос. педиатр. мед. акад. |
|
| 210 |
_aСПб. _cГПМА _d1999 |
||
| 215 |
_a43 с. _cил. _d21 |
||
| 320 | _aБиблиогр.: с. 41 | ||
| 606 | 0 |
_aАллергические болезни у детей _jРуководства, пособия и т.п. _9942176 _3RU\NLR\auth\6630139 |
|
| 606 | 0 |
_aАллергические болезни детей _jУчебные издания _92085104 _3RU\NLR\auth\661261214 |
|
| 686 | _aР733.41,2я7 | ||
| 700 | 1 |
_aГалустян _bА. Н. _gАнна Николаевна _4070 |
|
| 701 | 1 |
_aКоростовцев _bД. С. _4070 |
|
| 701 | 1 |
_aМакарова _bИ. В. _4070 |
|
| 801 | 0 |
_aRU _bNLR _c19990722 _gPSBO |
|
| 801 | 1 |
_aRU _bNLR _c19990722 |
|
| 852 |
_aNLR _j99-4/4057 |
||
| 942 | _cBOOK | ||
| 980 | _aNB | ||